東海オンエアの再生数が多い動画TOP30 - Statistics

General Stats
  • This quiz has been taken 68 times
  • The average score is 4 of 30
Answer Stats
再生回数 日時 Answer % Correct
2,267万回 2016/9/13 新競技「1500m牛丼」で世界新記録達成!!
52%
2,112万回 2018/5/9 【山奥のリゾート】2泊3日!寝たら''即帰宅''の!Part1
44%
2,579万回 2015/10/10 口に牛乳を含んでヒカキンさんの動画見てみた
43%
3,137万回 2018/7/31 【ゼロからの仕込み】ガチンコ!!ラーメン作り対決!!!!!
36%
3,256万回 2019/7/21 【じゃんけんが全て】岡崎市内のラーメンを一日中食べ続けたら何店舗行けるの!?
33%
3,450万回 2018/12/28 【大長編】今までに生まれた大量の「ボツ動画」を供養します
30%
2,429万回 2017/5/14 【めちゃむずい】想像だけでコーラ作り対決!!
26%
1,826万回 2020/5/9 【食えなきゃ負け】相手を満腹にしろ!ご飯食べ食べポーカー!!!前編
26%
2,121万回 2018/1/25 手作りろ過装置で泥水を美味しく召し上がってやるぜ!
21%
2,572万回 2019/11/15 リサイタルズ - 「俺らリサイタルズ」[Official Music Video]
20%
1,801万回 2018/9/15 【出でよ乳酸菌】想像だけでカルピス作り対決!!
13%
3,592万回 2019/1/15 【じゃんけんが全て】第1回 サバイバルしりとり晩御飯!
11%
1,794万回 2018/8/19 【お買い物上手】スーパー貸切!現物しりとりじゃあああぁぁ!!
11%
2,070万回 2018/4/5 【カオス再び】第一回!工藤新一選手権!!!
10%
2,040万回 2021/1/6 【超計画的】1日の予定を毎時間ダーツで決めたら効率よく生活できるはず! 前編
10%
1,812万回 2020/4/16 【超本格的】大岩亭の伝説のラーメンを完全再現してみせます
8%
1,941万回 2018/8/18 【ピタリ賞100万円】1500kcalちょうどを目指して飯を食え!
7%
2,244万回 2020/3/13 【遅刻撲滅運動】撮影日の朝に時間を一切見ずに行動したら逆に遅刻しないんじゃね???
5%
1,727万回 2018/8/14 【大塩まみれ】公園に死海を作ってみた···!!!
5%
1,791万回 2020/9/10 俺たちは何としてもりょうを遅刻させたいんだ!!!!!【サウナ有】
3%
1,690万回 2018/12/18 【爆映え】オリジナルバスボム作りで撮影中断の大惨事に…
3%
1,916万回 2020/3/5 【ペペロン】猛練習したてつしばの料理 VS 練習なしのりょうの料理
3%
1,865万回 2021/3/25 【過去最長素材】好きなことだったら何時間続けられるの?
2%
1,848万回 2019/8/20 【史上最恐】「なんでもあり」のカードを使って罰ゲームを回避せよ!
2%
1,822万回 2018/10/5 【暴飲暴食】1週間でとにかく太った方が勝ち対決!!!
2%
1,773万回 2018/6/16 【実質全部一緒?】「焼く」とか「蒸す」とかの調理法全部やったらどうなんの?
2%
1,731万回 2017/3/19 リレー形式で料理したらまさかの結果に!?
2%
1,832万回 2017/2/25 【宅配vs手作り】スピード対決でまさかの結果に!!!
2%
1,804万回 2017/1/19 【第一回】東海オンエア、モノマネ王決定戦!!!
0%
1,714万回 2020/10/6 【証拠多数】虫眼鏡は最低最悪な卑劣男だった!?評判は地の底に!!!
0%
No matching quizzes found
Score Distribution
Percent of People with Each Score
Percentile by Number Answered
Your Score History
You have not taken this quiz